| 000 | 01255cam a2200373 a 4500 | ||
|---|---|---|---|
| 999 |
_c7547 _d7547 |
||
| 001 | 991000940459706706 | ||
| 003 | OSt | ||
| 005 | 20211216121746.0 | ||
| 008 | 910429s1991 spc|||| 000 ||spa c | ||
| 015 |
_aLL2010 _2bnc |
||
| 017 |
_aDL B. 9077-1991 _bBiblioteca de Catalunya |
||
| 020 | _a8474261767 | ||
| 035 | _a(ES-BaCBU)b10211822-34csuc_network | ||
| 035 | _a(ES-BaCBU).b10211822 | ||
| 035 | _a(ccuc001)b10211822 | ||
| 035 | _a(OCoLC)801864136 | ||
| 040 |
_aES-BaCBU _bcat _cES-BaCBU _dCDMR |
||
| 080 | _a316.77:323.28(460) | ||
| 080 | _a323.28:316.77(460) | ||
| 090 |
_aKKT4450 _b.R63 1991 |
||
| 100 | 1 |
_aRodrigo Alsina, Miquel _91468 |
|
| 245 | 1 | 4 |
_aLos Medios de comunicación ante el terrorismo / _cMiquel Rodrigo Alsina |
| 260 |
_aBarcelona : _bIcaria, _cDL 1991 |
||
| 300 |
_a157 p. ; _c21 cm |
||
| 490 | 1 | _aIcaria antrazyt; 59 | |
| 504 | _aBibliografia | ||
| 650 | 0 |
_aViolència en els mitjans de comunicació de massa _2thub _92772 |
|
| 650 | 7 |
_aTerrorisme en els mitjans de comunicació de massa _zEspanya. _2lemac |
|
| 830 | 0 | _aAntrazyt | |
| 907 |
_a.b10211822 _b15-06-21 _c06-05-08 _d27-08-10 _em _fa _g- _hspa _ispc _j4 _k9 |
||
| 908 |
_aUAB _aUB _aUdL _aUJI _aUPF _aBC _aURL _aURV _aUOC _aISPC |
||
| 940 | _aBC | ||
| 942 |
_2udc _cMON |
||